Geboren in Neuwied - Statistiken

Allgemein
  • Dieses Quiz wurde 20 mal gespielt
  • Das Durchschnittsergebnis liegt bei 4 aus 14
Antwortstatistiken
Hinweis Antwort % Korrekt
Schauspieler, erlangte durch eine Wette bei "Wetten, dass...?" bei welcher er sich verletzte Bekanntheit. Seit dem Unfall ist er querschnittgelähmt. 1987 Samuel Koch
75%
Basketballspieler, der für Partizan Belgrad und die deutsche Nationalmannschaft spielt (spielte in der NBA u.a. für die Los Angeles Lakers und Washington Wizards) 1999 Isaac Bonga
58%
Schauspieler, "jerks" "Maria. ihm schmeckt's nicht" "Herr Lehmann" Weimar-"Tatort" 1975 Christian Ulmen
50%
Tennisspielerin und Australian Open Achtelfinalistin 1994 Anna-Lena Friedsam
42%
Autorennfahrer in der DTM für Audi und Gesamtsieger 2013 1983 Mike Rockenfeller
33%
früheres Mitglied der Band "Deichkind" und Schauspieler 1973 Sascha Reimann
33%
Königin von Rumänien durch ihre Heirat mit Karl I. von 1881 bis 1914 1843 Elisabeth zu Wied
25%
Forschungsreisender, Ethnologe und Zoologe, mehr als 50 wissenschaftliche Bezeichnungen tragen seinen Namen 1782 Maximilian zu Wied-Neuwied
25%
Fürst von Albanien für sechs Monate im Jahr 1914 1876 Wilhelm zu Wied
25%
erster Präsident des DFB von 1900 bis 1904 1852 Ferdinand Hueppe
17%
türkischer Fußballnationalspieler, Istanbul Basaksehir 1989 Hasan Ali Kaldirim
17%
Schauspielerin, bekannt für ihre Rolle als Frankfurter "Tatort"-Kommissarin 1960 Margarita Broich
17%
Schriftsteller und Arzt, "Professor Mamlock" "Cyankali" "Thomas Müntzer" 1888 Friedrich Wolf
8%
Radrennfahrer, der für das Team Cofidis fährt 1993 Max Walscheid
8%
Keine übereinstimmenden Quizze gefunden
Verteilung der Resultate
Anzahl Personen mit jedem Resultat
Perzentil nach korrekt beantworteten Fragen
Ihre Resultats-Entwicklung
Sie haben dieses Quiz noch nicht gespielt